State and local politics : (Record no. 57983)
[ view plain ]
| 000 -LEADER | |
|---|---|
| fixed length control field | 00916nam a2200277 a 4500 |
| 001 - CONTROL NUMBER | |
| control field | 57983 |
| 003 - CONTROL NUMBER IDENTIFIER | |
| rucl marc code | BD-RjUL |
| 005 - DATE AND TIME OF LATEST TRANSACTION | |
| control field | 20211209080555.0 |
| 008 - FIXED-LENGTH DATA ELEMENTS--GENERAL INFORMATION | |
| fixed length control field | 161212s1981 njua b 001 0 eng |
| 020 ## - INTERNATIONAL STANDARD BOOK NUMBER | |
| International Standard Book Number | 0138435162 (pbk.) |
| 035 ## - SYSTEM CONTROL NUMBER | |
| System control number | (BD-RjUL)58107 |
| 040 ## - CATALOGING SOURCE | |
| Original cataloging agency | DLC |
| Transcribing agency | DLC |
| Modifying agency | m.c |
| Language of cataloging | eng |
| 041 ## - LANGUAGE CODE | |
| Language code of text/sound track or separate title | eng |
| 082 ## - DEWEY DECIMAL CLASSIFICATION NUMBER | |
| Edition number | 23 |
| Classification number | 320.973 |
| Author mark and year | BUS 1981 |
| 100 1# - MAIN ENTRY--PERSONAL NAME | |
| Personal name | Burns, James MacGregor. |
| 9 (RLIN) | 172210 |
| 245 10 - TITLE STATEMENT | |
| Title | State and local politics : |
| Remainder of title | government by the people / |
| Statement of responsibility, etc. | James MacGregor Burns, J. W. Peltason, Thomas E. Cronin |
| 250 ## - EDITION STATEMENT | |
| Edition statement | 3rd ed. |
| 260 ## - PUBLICATION, DISTRIBUTION, ETC. (IMPRINT) | |
| Place of publication, distribution, etc. | Englewood Cliffs : |
| Name of publisher, distributor, etc. | Prentice-Hall, |
| Date of publication, distribution, etc. | c1981 |
| 300 ## - PHYSICAL DESCRIPTION | |
| Pagination | xi, 287 p. : |
| Illustrations | ill ; |
| Size | 23 cm |
| 504 ## - BIBLIOGRAPHY, ETC. NOTE | |
| Bibliography, etc | Includes bibliographies and index |
| 650 #0 - SUBJECT ADDED ENTRY--TOPICAL TERM | |
| Topical term or geographic name as entry element | State governments |
| 9 (RLIN) | 171732 |
| Topical term or geographic name as entry element | Local government |
| Geographic subdivision | United States |
| 9 (RLIN) | 171731 |
| 700 1# - ADDED ENTRY--PERSONAL NAME | |
| Personal name | Peltason, J. W. |
| Fuller form of name | (Jack Walter), |
| Dates associated with a name | 1923-2015. |
| Personal name | Cronin, Thomas E. |
| 942 ## - ADDED ENTRY ELEMENTS (KOHA) | |
| Source of classification or shelving scheme | Dewey Decimal Classification |
| Koha item type | Books |
| Lost status | Source of classification or shelving scheme | Damaged status | Not for loan | Collection code | Permanent Location | Current Location | Shelving location | Date acquired | Total Checkouts | Full call number | Date last seen | Copy number | Koha item type |
|---|---|---|---|---|---|---|---|---|---|---|---|---|---|
| Dewey Decimal Classification | Not For Loan | Non-fiction | Central Library, University of Rajshahi | Central Library, University of Rajshahi | Reading Room | 11/08/1985 | 320.973 BUS 1981 | 12/12/2016 | C-1 | Books |